Intereconomics

Na minha lista:
Detalhes bibliográficos
Formato: Periódico
Idioma:inglês
Publicado em: Baden-Baden Nomos 1993
Assuntos:
Tags: Adicionar Tag
Sem tags, seja o primeiro a adicionar uma tag!

MARC

LEADER 00000nas2a2200000 4500
001 s013752
005 20240109095539.7
022 |a 0020-5346 
041 0 |a eng 
044 |a DE 
245 1 0 |a Intereconomics 
264 1 |a Baden-Baden  |b Nomos  |c 1993 
300 |a 1 zv. 
773 0 |w eu_un_cat*s120783 
610 2 0 |a obchod medzinárodný 
610 2 0 |a vývoj hospodársky